Countries with the longest coastline - Statistics

General Stats
  • This quiz has been taken 34 times
  • The average score is 17 of 20
Answer Stats
Length(Km) Answer % Correct
202.080 Canada
100%
7.000 India
100%
54.716 Indonesia
100%
37.653 Russia
100%
25.760 Australia
97%
7.491 Brazil
97%
6.435 Chile
97%
9.330 Mexico
97%
19.924 United States
97%
29.751 Japan
94%
83.281 Norway
94%
14.500 China
91%
12.429 United Kingdom
91%
13.676 Greece
85%
36.289 Philippines
85%
7.314 Denmark
82%
7.600 Italy
79%
15.134 New Zealand
73%
7.200 Türkiye
70%
6.112 Federated States of Micronesia
18%
No matching quizzes found
Score Distribution
Percent of People with Each Score
Percentile by Number Answered
Your Score History
You have not taken this quiz